| 000 | 01013nam a22002051i 4500 | ||
|---|---|---|---|
| 001 | 181146 | ||
| 003 | ES-MaACL | ||
| 005 | 20230906221301.0 | ||
| 008 | 121024s1911 sp |||| | spa d | ||
| 100 | 1 |
_aMiralles y Solbes, Lorenzo. _9151714 |
|
| 245 | 1 | 0 |
_aEstudio crítico de los métodos para la enseñanza de las primeros nociones de las ciencias experimentales en la escuela / _cpor Lorenzo Miralles y Solbes. |
| 260 |
_a[Madrid : Junta para Ampliación de Estudios e Investigaciones Científicas, _c1911] ( _eMadrid : _fImp. de Fortanet) |
||
| 300 |
_aP. 150-224 ; _c24 cm. |
||
| 490 | 1 |
_aAnales de la Junta para Ampliación de Estudios e Investigaciones Científicas ; _vt. 3, memoria 4 |
|
| 650 | 0 | 4 |
_aCiencias- _xDidáctica. _910974 |
| 710 | 2 |
_aJunta para la Ampliación de Estudios e Investigaciones Científicas. _95413 |
|
| 830 | 0 |
_aAnales de la Junta para Ampliación de Estudios e Investigaciones Científicas ; _vt. 3, memoria 4 _9186710 |
|
| 852 |
_aES-MaACL _jB-13159(4) |
||
| 999 |
_c181146 _d181146 |
||